00000000cas 2200000zi 4500
0019.958094
003CaOODSP
00520260410082744
006m     o  d f      
007cr cn ||||||||
008251209c20149999oncar p o    f0###b0fre|d
022 |a3110-9659
040 |aCaOODSP|bfre|erda|cCaOODSP
043 |an-cn---
0861 |aA101-20F-PDF
222 0|aRapport annuel |b(Projet sur les aliments destinés aux enfants (Canada))
24500|aRapport annuel ... / |bProjet sur les aliments destinés aux enfants.
2463 |iLes livraisons de 2014/2015, 2018/2019 comportent le titre : |aRapport final
2463 |iLe livraison de 2022 comport le titre : |aProjet d'alimentation pour enfants - rapport annuel
24634|aProjet sur les aliments destinés aux enfants de ... - rapport annuel
264 1|a[Ottawa] : |bAgence canadienne d'inspection des aliments = Canadian Food Inspection Agency, |c[2015]-
310 |aAnnuel
336 |atexte|btxt|2rdacontent/fre
337 |ainformatique|bc|2rdamedia/fre
338 |aressource en ligne|bcr|2rdacarrier/fre
3621 |aParaît depuis : 2014/2015.
500 |aPublié aussi en anglais sous le titre : Annual report.
588 |aDescription d'après : 2022.
588 |aDernière livraison consultée : 2022.
650 6|aAliments pour nourrissons|xContamination|zCanada|vPériodiques.
655 7|aPériodiques|2rvmgf
7102 |aAgence canadienne d'inspection des aliments, |eorganisme de publication.
77508|tAnnual report / |w(CaOODSP)9.905055
78000|tProjet sur les aliments destinés aux enfants : |w(CaOODSP)9.905067